Ten Countries with the Shortest School Hours - Statistics

General Stats
  • This quiz has been taken 13 times
  • The average score is 4 of 10
Answer Stats
Hint Answer % Correct
9 Japan
67%
2 Finland
50%
5 Gerrmany
50%
7 Australia
42%
8 Canada
42%
3 Italy
42%
10 Russia
42%
1 Brazil
25%
6 Estonia
25%
4 Singapore
25%
No matching quizzes found
Score Distribution
Percent of People with Each Score
Percentile by Number Answered
Your Score History
You have not taken this quiz